| 000 | 00878nam a2200289 4500 | ||
|---|---|---|---|
| 001 | 32119 | ||
| 003 | BD-RjUL | ||
| 005 | 20211209051806.0 | ||
| 008 | 140423s1973 enk b 001 0 eng | ||
| 020 | _a0710074425 | ||
| 035 | _a(BD-RjUL)32208 | ||
| 040 |
_aDLC _cDLC _dDLC _dBD-RjUL _beng |
||
| 041 | _aeng | ||
| 082 | 0 | 0 |
_a171 _bFLH 1973 |
| 100 | 1 |
_aFlynn, James Robert, _d1934- _997769 |
|
| 245 | 1 | 0 |
_aHumanism and ideology : _ban Aristotelian view / _cJames R. Flynn. |
| 260 |
_aLondon ; _aBoston : _bRoutledge and Kegan Paul, _cc1973. |
||
| 300 |
_a[9], 192 p. ; _c23 cm. |
||
| 350 | _a£2.75 | ||
| 490 | 0 | _aStudies in ethics and the philosophy of religion | |
| 504 | _aIncludes bibliographical references and index. | ||
| 650 | 0 |
_aEthical relativism. _95696 |
|
| 650 | 0 |
_aHumanism. _997770 |
|
| 650 | 0 |
_aIdeology. _9273 |
|
| 942 |
_2ddc _cBK |
||
| 999 |
_c32119 _d32119 |
||